Central Library OPAC University of Rajshahi

Oxford handbook of public health practice/ (Record no. 58570)

MARC details
000 -LEADER
fixed length control field 00659nam a2200241 4500
001 - CONTROL NUMBER
control field 58570
003 - CONTROL NUMBER IDENTIFIER
rucl marc code BD-RjUL
005 - DATE AND TIME OF LATEST TRANSACTION
control field 20211209080633.0
008 - FIXED-LENGTH DATA ELEMENTS--GENERAL INFORMATION
fixed length control field 161219s2013 uk ||||| |||| 00| 0 eng d
020 ## - INTERNATIONAL STANDARD BOOK NUMBER
International Standard Book Number 9780199586301
035 ## - SYSTEM CONTROL NUMBER
System control number (BD-RjUL)58694
040 ## - CATALOGING SOURCE
Language of cataloging eng
Transcribing agency BD-RjUL
041 ## - LANGUAGE CODE
Language code of text/sound track or separate title eng
082 ## - DEWEY DECIMAL CLASSIFICATION NUMBER
Edition number 23
Classification number 362.10941
Author mark and year GUO 2013.
100 ## - MAIN ENTRY--PERSONAL NAME
Personal name Guest, Charles
9 (RLIN) 174027
245 01 - TITLE STATEMENT
Title Oxford handbook of public health practice/
Statement of responsibility, etc. Charles Guest
250 ## - EDITION STATEMENT
Edition statement 3rd ed.
260 ## - PUBLICATION, DISTRIBUTION, ETC. (IMPRINT)
Place of publication, distribution, etc. Oxford :
Name of publisher, distributor, etc. Oxford University Press,
Date of publication, distribution, etc. 2013.
300 ## - PHYSICAL DESCRIPTION
Pagination xxvi, 629p.:
Illustrations ill.;
Size 18cm.
500 ## - GENERAL NOTE
General note Includes index
650 ## - SUBJECT ADDED ENTRY--TOPICAL TERM
Topical term or geographic name as entry element Public health
9 (RLIN) 171535
942 ## - ADDED ENTRY ELEMENTS (KOHA)
Source of classification or shelving scheme Dewey Decimal Classification
Koha item type Books
Holdings
Lost status Source of classification or shelving scheme Damaged status Not for loan Permanent Location Current Location Shelving location Date acquired Source of acquisition Cost, normal purchase price Total Checkouts Full call number Date last seen Copy number Koha item type
  Dewey Decimal Classification   Not For Loan Institute of Biological Sciences (IBSc) Library Institute of Biological Sciences (IBSc) Library Institute Library 15/12/2016 Paragon 3149.00   362.10941 GUO 2013. 19/12/2016 C-1 Books